00682 2200253 4500001002100000005001700021008004100038035002400079082001100103090002100114100002500135245005900160250001000219260003200229300001800261440002300279500002700302650003400329700001600363850001500379980001300394985000600407999001500413YOGYA-0209000006029720090227035752.0 ind  0010-020900000060297 a899.22 a899.22bTag AlT aTAGORE, Robindranath aSang anakcRabindranath Tagore; penerjemah, Asrul Sani aCet.1 aJakartabPustaka Jayac1979 a71 hlmc17 cm aSeri Pustaka Drama aJudul asli : Karmaphal aKesasteraan Indonesia - Drama aSani, Asrul aYOPDYOG(B) a29-07-08 a1 aP000008378